<?xml version="1.0" encoding="UTF-8"?>
<collection xmlns:xsi="http://www.w3.org/2001/XMLSchema-instance" xsi:schemaLocation="http://www.loc.gov/MARC21/slim http://www.loc.gov/standards/marcxml/schema/MARC21slim.xsd" xmlns="http://www.loc.gov/MARC21/slim">
 <record>
  <leader>00000ctm a22000003a 4500</leader>
  <controlfield tag="001">UP-99796217611094800</controlfield>
  <controlfield tag="003">Buklod</controlfield>
  <controlfield tag="005">20140128113719.0</controlfield>
  <controlfield tag="006">a    grb    001 u|</controlfield>
  <controlfield tag="007">ta</controlfield>
  <controlfield tag="008">140128s1989    xx     d     r    |||| u|</controlfield>
  <datafield tag="035" ind1=" " ind2=" ">
   <subfield code="a">(iLib)UPD-00212404103</subfield>
  </datafield>
  <datafield tag="040" ind1=" " ind2=" ">
   <subfield code="a">DENG</subfield>
  </datafield>
  <datafield tag="041" ind1=" " ind2=" ">
   <subfield code="a">eng</subfield>
  </datafield>
  <datafield tag="090" ind1=" " ind2=" ">
   <subfield code="a">LG 993 1989 E66</subfield>
   <subfield code="b">D39</subfield>
  </datafield>
  <datafield tag="100" ind1="1" ind2=" ">
   <subfield code="a">Dayday, Lourdes</subfield>
  </datafield>
  <datafield tag="245" ind1="1" ind2="0">
   <subfield code="a">Traffic and Warehouse Department of Monark Equipment Corporation</subfield>
   <subfield code="c">Lourdes Dayday, Helen Lim, Darcy Vitente.</subfield>
  </datafield>
  <datafield tag="264" ind1=" " ind2="1">
   <subfield code="a">Diliman, Quezon City</subfield>
   <subfield code="b">College of Engineering</subfield>
   <subfield code="c">[1989?]</subfield>
  </datafield>
  <datafield tag="300" ind1=" " ind2=" ">
   <subfield code="a">ca. 200 leaves</subfield>
  </datafield>
  <datafield tag="500" ind1=" " ind2=" ">
   <subfield code="a">Feasibility study</subfield>
  </datafield>
  <datafield tag="506" ind1=" " ind2=" ">
   <subfield code="a">Access exclusively for UP IE students. Written permission required from the department head for NON-IE and NON-UP students or researchers</subfield>
  </datafield>
  <datafield tag="508" ind1=" " ind2=" ">
   <subfield code="a">Submitted in partial fulfillment of the course requirements in IE 155 : Industrial Systems Design</subfield>
  </datafield>
  <datafield tag="520" ind1=" " ind2=" ">
   <subfield code="a">This project study is on Industrial Systems Design; a study on systems: its design, performance, problems, improvements etc? The purpose of this study is to solve systems problems and improve systems performance. The subject of interest of this study is the Traffic and Warehouse Department. The present system, its problems, and its opportunities for improvement is studied using the systems approach; that is, the TWD is not viewed as an isolated system but rather, as a part of a larger system. Thus, in trying to improve the efficiency of TWD, consideration was given to its effects on the other systems to which it is interlinked and subordinated to. In essence, these are the steps undertaken in the conduct of the study: 1) Initial Survey of the Monark System followed by the Selection of the Subsystem to be studied; 2) Data Gathering and Validation; 3) Problem Diagnosis; 4) Further Data Gathering and Validation; 5) Problem Formulation; 6) Problem Solving and Search for Alternative Designs; and 7) Specification of Solution to Identified Problems and Specification of other Recommendations. These are the Findings and the Recommendations: 1) F: What makes order-filling or picking take long are those instances when items cannot be located in the location specified in the picking note. C: The identified controllable and significant causes are the cases of &quot;unbinned arrivals&quot; and &quot;misplaced parts.&quot; R: a) Modify computer system such that inventory stock level is incremented not immediately upon arrival of shipment but 34 or 48 hours (for 20-footer and 40-footer respectively) upon release of binning list. b) The ongoing installation of new bins be expedited c) The planned labeling of bin opening with part numbers be implemented d) Manpower Training on Work Attitudes e) For the perpetual inventory inspections, assign weights to all the parts basing this weight on speed of movement and on the value of the part. The varying weights assigned vary the choices or probabilities of each part from being picked as sample. 2) F: Customer-waiting type and rush-type of picking notes are expected to be processed in TWD immediately, but often times this fails to happen/ C:  Identified controllable causes are: 1) unnoticed PN in computer printer 2) PN's getting &quot;lost&quot; or hidden underneath a pile of less urgent PN's 3) FIFO sequence is not strictly followed R: a) Install a buzzer as an interface between counter sales and warehouse-on-the-floor. b) Instruct and Supervise warehouse personnel to put all incoming PN's beneath the existing pile, and process the orders from top to bottom. c) The leadman should consistently act as dispatcher of the PN's. d) Install a separate paper rack for customer-waiting type of PN's.</subfield>
  </datafield>
  <datafield tag="610" ind1="0" ind2="4">
   <subfield code="a">Monark Equipment Corporation.</subfield>
  </datafield>
  <datafield tag="650" ind1=" " ind2="0">
   <subfield code="a">Warehouses--Management.</subfield>
  </datafield>
  <datafield tag="650" ind1=" " ind2="0">
   <subfield code="a">System design.</subfield>
  </datafield>
  <datafield tag="658" ind1=" " ind2=" ">
   <subfield code="a">Industrial Systems Design</subfield>
   <subfield code="c">IE 155.</subfield>
  </datafield>
  <datafield tag="700" ind1="1" ind2=" ">
   <subfield code="a">Lim, Helen.</subfield>
  </datafield>
  <datafield tag="700" ind1="1" ind2=" ">
   <subfield code="a">Vitente, Darcy.</subfield>
  </datafield>
  <datafield tag="905" ind1=" " ind2=" ">
   <subfield code="a">FI</subfield>
  </datafield>
  <datafield tag="905" ind1=" " ind2=" ">
   <subfield code="a">UP</subfield>
  </datafield>
  <datafield tag="950" ind1=" " ind2=" ">
   <subfield code="a">Paper</subfield>
  </datafield>
  <datafield tag="852" ind1="0" ind2=" ">
   <subfield code="a">UPD</subfield>
   <subfield code="b">DENG</subfield>
   <subfield code="h">LG 993 1989 E66</subfield>
   <subfield code="i">D39</subfield>
  </datafield>
  <datafield tag="942" ind1=" " ind2=" ">
   <subfield code="a">Thesis</subfield>
  </datafield>
 </record>
</collection>
